| 000 | 00700nam a2200157 a 4500 | ||
|---|---|---|---|
| 008 | 120416s0000 ||||||||||||||||| || u | ||
| 020 | _a0903384248 | ||
| 050 | _aTA 660.T34 Anc | ||
| 100 | _aAnchor, Robert D | ||
| 245 | 1 | 0 | _aDesign of liquid-retaining concrete structures |
| 260 |
_aLondon _bSurrey University Press _c1981 |
||
| 300 | _axv, 153p. : ill. | ||
| 350 | _a0.00 | ||
| 995 |
_aANNEX COLLECTION (Main Library) _D0.00 _e721255 _FCBU-MAIN LIBRARY (Kitwe) _H1 _I25.00 _jTA 660.T34 Anc _M1 _UAVAILABLE _y018877 _ZAnnex Low-Usage Collection |
||
| 995 |
_aANNEX COLLECTION (Main Library) _D0.00 _e721256 _FCBU-MAIN LIBRARY (Kitwe) _H2 _I25.00 _jTA 660.T34 Anc _M2 _UAVAILABLE _y018878 _ZAnnex Low-Usage Collection |
||
| 999 |
_c63447 _d63447 |
||